Bước vào thế giới CD ROM

Zapisane w:
Opis bibliograficzny
1. autor: Dana Parker
Format: Książka
Język:Undetermined
Wydane: Tp. HCM Trẻ 1995
Hasła przedmiotowe:
Etykiety: Dodaj etykietę
Nie ma etykietki, Dołącz pierwszą etykiete!
Thư viện lưu trữ: Trung tâm Học liệu Trường Đại học Cần Thơ
LEADER 00539nam a2200169Ia 4500
001 CTU_5079
008 210402s9999 xx 000 0 und d
082 |a 005.3 
082 |b P238 
100 |a Dana Parker 
245 0 |a Bước vào thế giới CD ROM 
245 0 |c Dana Parker; Dịch giả: Trần Trọng Nghĩa 
260 |a Tp. HCM 
260 |b Trẻ 
260 |c 1995 
650 |a cd-roms ( computer programs ),programming languages ( electronic computers ) 
980 |a Trung tâm Học liệu Trường Đại học Cần Thơ